000 00891nac a22002897a 4500
001 BR8204035
003 BR-BrBNA
005 20240105115423.0
008 230509b bl.|||m| |||| 00| 0 por d
040 _aBR-BrBNA
_bpor
_cBiblioteca Nacional de Agricultura
072 _aQ10; U10
090 _a9205 BR8204035
100 1 _aQueiroz, D.M. de
100 1 _aSilva, J. de S. e
100 1 _aMelo, E. de C.
110 1 _aCentro Nacional de Treinamento em Armazenagem, Vicosa, MG (Brasil)
_91871
245 1 _aPraticas de simulacao de secagem em calculadoras programaveis
260 3 _aVicosa, MG (Brasil):
_c1982.
300 _a84 p.
490 _aSerie CENTREINAR (Brazil)
_vno. 3
_x
500 _a6 ref.; 10 illus.
650 _aGRAO
650 _aSECAGEM ARTIFICIAL
650 _aMODELO MATEMATICO
909 _a202312
_bLúcia Elande
_c55
_dLúcia Elande
942 _2AGRIS
_n0
_cMS
999 _c274734
_d274734